Pokémon - Dresseurs partenaires - Cornil (D/P/Pt) - Statistiques

Statistiques générales
  • Ce quiz a été pris 15 fois
  • Le résultat moyen est 48 sur 55
Statistiques - réponses
Hint Réponse % Correct
Niv (D/P) 58
100%
Niv 62
100%
Niv (Pt) 63
100%
Niv 63
100%
Niv 65
100%
Statistique préférée Défense
100%
Type Feu
100%
Type Insecte
100%
Kaorine
100%
Kaorine
100%
Talent Lévitation
100%
Talent Lévitation
100%
Noctunoir
100%
Capacités Poing de Feu
100%
Capacités Poing-Éclair
100%
Capacités Poinglace
100%
Type Psy
100%
Type Psy
100%
Capacités Psyko
100%
Capacités Psyko
100%
Capacités Psyko
100%
Capacités Séisme
100%
Type Sol
100%
Type Sol
100%
Capacités Telluriforce
100%
Type Ténèbres
100%
Niv 61
90%
Niv 61
90%
Capacités Ball'Ombre
90%
Chartor
90%
Capacités Mur Lumière
90%
Type Roche
90%
Type Spectre
90%
Capacités Vibrobscur
90%
Caratroc
80%
Noctali
80%
Talent Pression
80%
Capacités Protection
80%
Capacités Toxik
80%
Capacités Abri
70%
Capacités Abri
70%
Objet Baie Sitrus
70%
Talent Écran Fumée
70%
Talent Fermeté
70%
Capacités Feu Follet
70%
Rencontre Mont Abrupt
70%
Capacités Onde Folie
70%
Capacités Pouv. Antique
70%
Capacités Pouv. Antique
70%
Talent Synchro
70%
Capacités Plénitude
60%
Capacités Repos
60%
Capacités Tempêtesable
60%
Capacités Éruption
50%
Capacités Reflet
50%
Aucun quiz correspondant
Distribution des résultats
% des personnes avec chaque résultat
Percentile par nombre de réponses
Votre historique - résultats
Vous n’avez pas pris ce quiz